<?xml version="1.0" encoding="UTF-8"?><marc:collection xmlns:marc="http://www.loc.gov/MARC21/slim">
  <marc:record>
    <marc:leader>00000nam  2200000zi 4500</marc:leader>
    <marc:controlfield tag="001">9.946606</marc:controlfield>
    <marc:controlfield tag="003">CaOODSP</marc:controlfield>
    <marc:controlfield tag="005">20250109074735</marc:controlfield>
    <marc:controlfield tag="006">m     o  d f      </marc:controlfield>
    <marc:controlfield tag="007">cr mn|||||||||</marc:controlfield>
    <marc:controlfield tag="008">250108t19731977onc     o    f000 0 eng d</marc:controlfield>
    <marc:datafield tag="020" ind1=" " ind2=" ">
      <marc:subfield code="a">0662008995 </marc:subfield>
      <marc:subfield code="q">(bilingual ; </marc:subfield>
      <marc:subfield code="q">print)</marc:subfield>
    </marc:datafield>
    <marc:datafield tag="040" ind1=" " ind2=" ">
      <marc:subfield code="a">CaOODSP</marc:subfield>
      <marc:subfield code="b">eng</marc:subfield>
      <marc:subfield code="e">rda</marc:subfield>
      <marc:subfield code="c">CaOODSP</marc:subfield>
    </marc:datafield>
    <marc:datafield tag="041" ind1="0" ind2=" ">
      <marc:subfield code="a">eng</marc:subfield>
      <marc:subfield code="a">fre</marc:subfield>
    </marc:datafield>
    <marc:datafield tag="043" ind1=" " ind2=" ">
      <marc:subfield code="a">n-cn---</marc:subfield>
    </marc:datafield>
    <marc:datafield tag="086" ind1="1" ind2=" ">
      <marc:subfield code="a">C2-54/1977-PDF</marc:subfield>
      <marc:subfield code="z">C2-54/1977</marc:subfield>
    </marc:datafield>
    <marc:datafield tag="245" ind1="0" ind2="0">
      <marc:subfield code="a">Grains and Oilseeds Marketing Incentives Program, GOMI = </marc:subfield>
      <marc:subfield code="b">Programme stimulant la commercialisation des céréales et oléagineux, GOMI.</marc:subfield>
    </marc:datafield>
    <marc:datafield tag="246" ind1="1" ind2="1">
      <marc:subfield code="a">Programme stimulant la commercialisation des céréales et oléagineux, GOMI</marc:subfield>
    </marc:datafield>
    <marc:datafield tag="264" ind1=" " ind2="1">
      <marc:subfield code="a">Ottawa, Canada : </marc:subfield>
      <marc:subfield code="b">Department of Industry, Trade and Commerce = Ministère de l'industrie et du commerce, </marc:subfield>
      <marc:subfield code="c">1973.</marc:subfield>
    </marc:datafield>
    <marc:datafield tag="264" ind1=" " ind2="4">
      <marc:subfield code="c">©1977</marc:subfield>
    </marc:datafield>
    <marc:datafield tag="300" ind1=" " ind2=" ">
      <marc:subfield code="a">1 online resource (22 pages)</marc:subfield>
    </marc:datafield>
    <marc:datafield tag="336" ind1=" " ind2=" ">
      <marc:subfield code="a">text</marc:subfield>
      <marc:subfield code="b">txt</marc:subfield>
      <marc:subfield code="2">rdacontent</marc:subfield>
    </marc:datafield>
    <marc:datafield tag="337" ind1=" " ind2=" ">
      <marc:subfield code="a">computer</marc:subfield>
      <marc:subfield code="b">c</marc:subfield>
      <marc:subfield code="2">rdamedia</marc:subfield>
    </marc:datafield>
    <marc:datafield tag="338" ind1=" " ind2=" ">
      <marc:subfield code="a">online resource</marc:subfield>
      <marc:subfield code="b">cr</marc:subfield>
      <marc:subfield code="2">rdacarrier</marc:subfield>
    </marc:datafield>
    <marc:datafield tag="500" ind1=" " ind2=" ">
      <marc:subfield code="a">"Information Canada, Ottawa, 1973"--Back cover.</marc:subfield>
    </marc:datafield>
    <marc:datafield tag="500" ind1=" " ind2=" ">
      <marc:subfield code="a">Digitized edition from print [produced by Innovation, Science and Economic Development Canada].</marc:subfield>
    </marc:datafield>
    <marc:datafield tag="546" ind1=" " ind2=" ">
      <marc:subfield code="a">Text in English and French.</marc:subfield>
    </marc:datafield>
    <marc:datafield tag="650" ind1=" " ind2="0">
      <marc:subfield code="a">Grain</marc:subfield>
      <marc:subfield code="z">Canada</marc:subfield>
      <marc:subfield code="x">Marketing</marc:subfield>
      <marc:subfield code="x">Finance.</marc:subfield>
    </marc:datafield>
    <marc:datafield tag="650" ind1=" " ind2="0">
      <marc:subfield code="a">Oilseeds</marc:subfield>
      <marc:subfield code="z">Canada</marc:subfield>
      <marc:subfield code="x">Marketing</marc:subfield>
      <marc:subfield code="x">Finance.</marc:subfield>
    </marc:datafield>
    <marc:datafield tag="650" ind1=" " ind2="0">
      <marc:subfield code="a">Grain trade</marc:subfield>
      <marc:subfield code="x">Government policy</marc:subfield>
      <marc:subfield code="z">Canada.</marc:subfield>
    </marc:datafield>
    <marc:datafield tag="650" ind1=" " ind2="0">
      <marc:subfield code="a">Oil industries</marc:subfield>
      <marc:subfield code="x">Government policy</marc:subfield>
      <marc:subfield code="z">Canada.</marc:subfield>
    </marc:datafield>
    <marc:datafield tag="710" ind1="1" ind2=" ">
      <marc:subfield code="a">Canada. </marc:subfield>
      <marc:subfield code="b">Department of Industry, Trade and Commerce, </marc:subfield>
      <marc:subfield code="e">issuing body.</marc:subfield>
    </marc:datafield>
    <marc:datafield tag="788" ind1=" " ind2=" ">
      <marc:subfield code="t">Grains and Oilseeds Marketing Incentives Program, GOMI = </marc:subfield>
      <marc:subfield code="e">fre</marc:subfield>
      <marc:subfield code="w">(CaOODSP)9.946607</marc:subfield>
    </marc:datafield>
    <marc:datafield tag="856" ind1="4" ind2="0">
      <marc:subfield code="q">PDF</marc:subfield>
      <marc:subfield code="s">865 KB</marc:subfield>
      <marc:subfield code="u">https://publications.gc.ca/collections/collection_2025/isde-ised/c2/C2-54-1977.pdf</marc:subfield>
    </marc:datafield>
  </marc:record>
</marc:collection>
